| 000 | 00618nam a22002177a 4500 | ||
|---|---|---|---|
| 999 |
_c6544 _d6544 |
||
| 003 | OSt | ||
| 005 | 20200130141152.0 | ||
| 008 | 200130b ||||| |||| 00| 0 eng d | ||
| 020 | _a9780273713159 | ||
| 040 | _cDDC | ||
| 082 | _a658 TRO 2008 | ||
| 100 |
_aTrott, Paul _913468 |
||
| 245 | _aInnovation Management and New Product Development | ||
| 250 | _a4th ed. | ||
| 260 |
_aEngland; _bPrentice Hall, _c2008 |
||
| 300 |
_axxvii,581p; _bCol.ill: _c24.5cm |
||
| 504 | _aReferences, appendix, & index included | ||
| 650 |
_aInnovation management _913469 |
||
| 650 |
_aIndustrial management _9619 |
||
| 942 |
_2z _cO_SHELF |
||